Detalles MARC
| 000 -CABECERA |
| campo de control de longitud fija |
01840nam a2200325 a 4500 |
| 001 - NÚMERO DE CONTROL |
| campo de control |
000013741 |
| 005 - FECHA Y HORA DE LA ÚLTIMA TRANSACCIÓN |
| campo de control |
20200929163330.0 |
| 008 - DATOS DE LONGITUD FIJA--INFORMACIÓN GENERAL |
| campo de control de longitud fija |
091118s2012 dr abc 000 0 spa d |
| 020 ## - NÚMERO INTERNACIONAL ESTÁNDAR DEL LIBRO |
| Número Internacional Estándar del Libro |
9789945116458 (v. 2) |
| 020 ## - NÚMERO INTERNACIONAL ESTÁNDAR DEL LIBRO |
| Número Internacional Estándar del Libro |
9789945117295 (v. 1) |
| 040 ## - FUENTE DE LA CATALOGACIÓN |
| Centro catalogador/agencia de origen |
DO-SdBNP |
| Lengua de catalogación |
spa |
| Centro/agencia transcriptor |
BNPHU |
| 082 ## - NÚMERO DE LA CLASIFICACIÓN DECIMAL DEWEY |
| Número de clasificación |
xxxx |
| Número de documento/Ítem |
xxxx |
| 100 1# - ENTRADA PRINCIPAL--NOMBRE DE PERSONA |
| Nombre de persona |
Almonte Ysiano, Ana Iris |
| 9 (RLIN) |
31190 |
| 245 10 - MENCIÓN DE TÍTULO |
| Título |
Sociedad 8 : |
| Resto del título |
educación básica / |
| Mención de responsabilidad, etc. |
Ana Iris Almonte Ysiano ... [et al] ; dirección editorial Obdulia García de Escobar; ilustración José Amado Polanco. |
| 260 ## - PUBLICACIÓN, DISTRIBUCIÓN, ETC. |
| Lugar de publicación, distribución, etc. |
Santo Domingo : |
| Nombre del editor, distribuidor, etc. |
Santillana, |
| Fecha de publicación, distribución, etc. |
2012. |
| 300 ## - DESCRIPCIÓN FÍSICA |
| Extensión |
v. : |
| Otras características físicas |
il., maps., retrs. ; |
| Dimensiones |
28 cm. |
| 490 1# - MENCIÓN DE SERIE |
| Mención de serie |
Innova |
| 500 ## - NOTA GENERAL |
| Nota general |
Educación básica |
| 505 0# - NOTA DE CONTENIDO CON FORMATO |
| Información miscelánea |
v.1 : |
| -- |
unidad 1 -- |
| Título |
Principios del siglo XX -- |
| Información miscelánea |
unidad 2 -- |
| Título |
Las pugnas caudillistas -- |
| Información miscelánea |
unidad 3 -- |
| Título |
La intervención norteamericana -- |
| Información miscelánea |
unidad 4 -- |
| Título |
La dictadura de Trujillo -- |
| Información miscelánea |
unidad 5 -- |
| Título |
Oposición y caída de la dictadura -- |
| Información miscelánea |
unidad 6 -- |
| Título |
El Caribe entre 1900 y 1970 -- |
| Información miscelánea |
unidad 7 -- |
| Título |
El país entre 1961 y 1965 -- |
| Información miscelánea |
unidad 8 -- |
| Título |
Los gobiernos de Balaguer -- |
| Información miscelánea |
unidad 9 -- |
| Título |
Los gobiernos desde 1978 hasta el 2008 -- |
| Información miscelánea |
unidad 10 -- |
| Título |
La economía dominicana hoy -- |
| Información miscelánea |
unidad 11 -- |
| Título |
La cultura dominicana -- |
| Información miscelánea |
unidad 12 -- |
| Título |
La organización del espacio / |
| Mención de responsabilidad |
Ana Iris Almonte Ysiano -- |
| -- |
Eric Castro Ricart -- |
| Información miscelánea |
v. 2 : |
| Título |
Guía recursos didácticos para el profesorado. |
| 590 ## - NOTA LOCAL (RLIN) |
| Nota local |
Inventariado, 2019/VM |
| 700 1# - PUNTO DE ACCESO ADICIONAL--NOMBRE DE PERSONA |
| Nombre de persona |
Morel Bross, Beatrice |
| 9 (RLIN) |
31191 |
| 700 1# - PUNTO DE ACCESO ADICIONAL--NOMBRE DE PERSONA |
| Nombre de persona |
Castro Ricart, Eric -- |
| 9 (RLIN) |
23170 |
| 700 1# - PUNTO DE ACCESO ADICIONAL--NOMBRE DE PERSONA |
| Nombre de persona |
Robles Florentino, Eladio Antonio -- |
| 9 (RLIN) |
31192 |
| 700 1# - PUNTO DE ACCESO ADICIONAL--NOMBRE DE PERSONA |
| Nombre de persona |
Ramos Santos, Henry |
| 9 (RLIN) |
31174 |
| 700 1# - PUNTO DE ACCESO ADICIONAL--NOMBRE DE PERSONA |
| Nombre de persona |
Capellán Almonte, Fanny |
| 9 (RLIN) |
29766 |
| 700 1# - PUNTO DE ACCESO ADICIONAL--NOMBRE DE PERSONA |
| Nombre de persona |
Alcántara, Francisca |
| 9 (RLIN) |
31193 |
| 700 1# - PUNTO DE ACCESO ADICIONAL--NOMBRE DE PERSONA |
| Nombre de persona |
Polanco, José Amado |
| Término indicativo de función/relación |
il. |
| 9 (RLIN) |
23172 |
| 700 1# - PUNTO DE ACCESO ADICIONAL--NOMBRE DE PERSONA |
| Nombre de persona |
Garca Escobar, Obdulia, |
| Término indicativo de función/relación |
dir. ed. |
| 9 (RLIN) |
29770 |
| 830 #0 - PUNTO DE ACCESO ADICIONAL DE SERIE-TÍTULO UNIFORME |
| Título uniforme |
Innova (República Dominicana) |
| 9 (RLIN) |
31194 |